000 01225nam a22002057a 4500
999 _c62932
_d62932
003 Ge_BSU
005 20250325164004.0
008 250324s1990 ge ||||| |||| 00| 0 geo d
041 _ageo
080 _a003(09) გ-19
100 _aგამყრელიძე, თამაზ
_924665
245 _aწერის ანბანური სისტემა და ძველი ქართული დამწერლობა :
_bანბანური წერის ტიპოლოგია და წარმომავლობა /
_cაკაკი შანიძის რედ. და წინასიტყვ; საქ. მეცნ. აკად., გ. წერეთლის სახ. აღმოსავლეთმცოდნ. ინ-ტი.
250 _aმე-2 შესწ. გამოცემა
264 _aთბ. :
_bთბილ. უნ-ტის გამ-ბა,
_c1990.
300 _a351 გვ. :
_bცხრ. ;
_c21 სმ.
500 _aპარალ. ტექსტი რუს. ენ.
653 _aქართული ანბანი.
653 _aძველი ქართული დამწერლობა
942 _2udc
_cBK